000 00930cam a22002531 4500
001 sd 43000030
003 DLC
005 20260227112734.0
008 790214s1941 uy f000 0 spa c
010 _asd 43000030
035 _a(OCoLC)4654584
040 _aUnited States. Dept. of State. Library
_cTxU
_dTxU
_dOCoLC
_dDLC
042 _apremarc
050 0 0 _aF1418
_b.U76
082 _a970
110 1 _aUruguay.
_bMinisterio de Relaciones Exteriores.
245 1 0 _aSolidaridad americana;
_bconsulta sobre el caso de un estado americano en una guerra extracontinental ...
260 _aMontevideo,
_bImprenta "El Siglo Ilustrado,"
_c1941.
300 _a2 p. l., 40 p.
_c25 cm.
500 _aAt head of title: Ministerio de Relaciones Exteriores.
500 _a"Apartado del Boletín del Ministerio de Relaciones Exteriores, tomo XII, no. 2."
651 0 _aAmerica
_xForeign relations.
650 0 _aWorld War, 1939-1945.
999 _c89922
_d89922